[Event "Dubai op-B 23rd"]
[Site "Dubai"]
[Date "2023.05.30"]
[Round "4"]
[White "Vaibhav, Krishnan KP"]
[Black "Rami, Talab"]
[Result "0-1"]
[WhiteElo "1422"]
[BlackElo "1924"]
[PlyCount "108"]
[EventDate "2023.05.27"]
[EventType "swiss"]
[EventRounds "9"]
[EventCountry "UAE"]
[SourceTitle "CBM 214 Extra"]
[Source "ChessBase"]
[SourceDate "2023.07.31"]
[SourceVersion "1"]
[SourceVersionDate "2023.07.31"]
[SourceQuality "1"]

1. d4 Nf6 2. c4 g6 3. Nc3 Bg7 4. e4 d6 5. f4 0-0 6. Nf3 c5 7. d5 e6 8. dxe6 Bxe6 9. Bd3 Nc6 10. f5 Bd7 11. 0-0 Ng4 12. Kh1 Nge5 13. Nxe5 Bxe5 14. Bf4 Kh8 15. Bxe5+ Nxe5 16. f6 Re8 17. Nd5 Re6 18. Ne7 Bc6 19. Rf4 Qf8 20. Qe2 Qh6 21. g3 g5 22. Rf5 Rxf6 23. Raf1 Rxf5 24. Rxf5 Bd7 25. Rf1 Re8 26. Nd5 Qg7 27. Nf6 Re6 28. Nxd7 Nxd7 29. Rf5 Ne5 30. Qf1 Kg8 31. a3 h6 32. b4 f6 33. bxc5 dxc5 34. Qb1 Qd7 35. Bf1 Rd6 36. Qe1 b6 37. Qf2 Qc6 38. Qe2 Rd4 39. Bg2 Kg7 40. h4 Qe6 41. hxg5 hxg5 42. Bf1 Qc6 43. Bg2 Qa4 44. Kh2 Qd1 45. Qxd1 Rxd1 46. Rf1 Rd4 47. Rc1 Rxc4 48. Ra1 Rd4 49. a4 c4 50. Rb1 c3 51. a5 c2 52. Rc1 Rd2 53. axb6 axb6 54. Kh1 Rd1+ 0-1